| 000 | 00495 a2200181 4500 | ||
|---|---|---|---|
| 003 | OSt | ||
| 005 | 20230902144714.0 | ||
| 008 | 230902b |||||||| |||| 00| 0 eng d | ||
| 020 | _a9789352837328 | ||
| 040 | _coclc | ||
| 082 |
_a339 _bAHU/M |
||
| 100 |
_aAhuja, H L _9470 |
||
| 245 |
_aMACROECONOMICS: _b THEORY AND POLICY / _cH L Ahuja |
||
| 250 | _a20th ed. | ||
| 260 |
_aNew Delhi: _bS chand, _c2022. |
||
| 300 | _a936 p | ||
| 942 |
_2ddc _cBK _h339 _iAHU/M _k339 _mAHU/M |
||
| 999 |
_c42077 _d42077 |
||